Гидрогенераторы давления для интенсификации добычи нефти (Запись № 1484869)

Подробности
000 -МАРКЕР
контрольное поле 02605nam0a2200373 4500
001 - ИДЕНТИФИКАТОР ЗАПИСИ
контрольное поле RU\NLR\bibl\1754452
005 - ИДЕНТИФИКАТОР ВЕРСИИ
контрольное поле 20260405220349.0
010 ## - МЕЖДУНАРОДНЫЙ СТАНДАРТНЫЙ НОМЕР КНИГИ (ISBN)
Номер (ISBN) 978-5-902665-65-6
Тираж 1000
021 ## - НОМЕР ГОСУДАРСТВЕННОЙ РЕГИСТРАЦИИ
Код страны Российская Федерация
Номер 2011-17946
Номер Листа государственной регистраци 1272
035 ## - ДРУГИЕ СИСТЕМНЫЕ НОМЕРА
Идентификатор записи (NLR Aleph) 001745294
100 ## - ДАННЫЕ ОБЩЕЙ ОБРАБОТКИ
Данные общей обработки 20110404d2011 |||y0rusy50 ca
101 0# - ЯЗЫК РЕСУРСА
Язык текста, звукозаписи и т.д. русский
102 ## - СТРАНА ПУБЛИКАЦИИ ИЛИ ПРОИЗВОДСТВА
Страна публикации Российская Федерация
105 ## - ПОЛЕ КОДИРОВАННЫХ ДАННЫХ: ТЕКСТОВЫЕ МАТЕРИАЛЫ, МОНОГРАФИЧЕСКИЕ
Кодированные данные о монографическом текстовом документе a |||||||||
200 1# - ЗАГЛАВИЕ И СВЕДЕНИЯ ОБ ОТВЕТСТВЕННОСТИ
Основное заглавие Гидрогенераторы давления для интенсификации добычи нефти
Сведения, относящиеся к заглавию учебное пособие для студентов высших учебных заведений по специальностям 130602 "Машины и оборудование нефтяных и газовых промыслов" направления подготовки дипломированных специалистов, 130600 "Оборудование и агрегаты нефтегазового производства", 130503 "Разработка и эксплуатация нефтяных и газовых месторождений" направления подготовки дипломированных специалистов 130500 "Нефтегазовое дело"
Первые сведения об ответственности И.Ю. Быков, А.А. Попов
210 ## - ПУБЛИКАЦИЯ, РАСПРОСТРАНЕНИЕ И ДР.
Место издания, распространения и т.д. Москва
Имя издателя, распространителя и т. д. ЦентрЛитНефтеГаз
Дата издания, распространения и т.д. 2011
215 ## - ФИЗИЧЕСКАЯ ХАРАКТЕРИСТИКА
Специфическое обозначение материала и объем 246 с.
Другие сведения о физической характеристике ил.
Размеры 21
225 1# - СЕРИЯ
Основное заглавие серии Высшее нефтегазовое образование
300 ## - ОБЩИЕ ПРИМЕЧАНИЯ
Текст примечания На 4-й с. обл. авт.: Быков И.Ю., д.т.н., проф., акад. РАЕН, Попов А.А., к.т.н.
320 ## - ПРИМЕЧАНИЯ О НАЛИЧИИ В ДОКУМЕНТЕ БИБЛИОГРАФИИ / УКАЗАТЕЛЯ
Текст примечания Библиогр.: с. 236-246 (157 назв.)
606 1# - НАИМЕНОВАНИЕ ТЕМЫ КАК ПРЕДМЕТ
Наименование темы Нефтяные скважины
Формальный подзаголовок Учебные издания для высших учебных заведений
Тематический подзаголовок Призабойная зона
-- Электрогидравлическая обработка
Системный номер авторитетной/нормативной записи 1739538
Идентификатор авторитетной/нормативной записи RU\NLR\auth\66778275
606 1# - НАИМЕНОВАНИЕ ТЕМЫ КАК ПРЕДМЕТ
Наименование темы Гидрогенераторы
Формальный подзаголовок Учебные издания для высших учебных заведений
Системный номер авторитетной/нормативной записи 894676
Идентификатор авторитетной/нормативной записи RU\NLR\auth\66324242
686 ## - ИНДЕКСЫ ДРУГИХ КЛАССИФИКАЦИЙ
Индекс И361.73я73-1
700 #1 - ИМЯ ЛИЦА - ПЕРВИЧНАЯ ОТВЕТСТВЕННОСТЬ
Код отношения Автор
Графика поля Кириллица
Материалы, к которым относится поле rus
Начальный элемент ввода Быков
Часть имени, кроме начального элемента ввода И. Ю.
Дополнения к именам, кроме дат д-р техн. наук
Даты 1939-
Расширение инициалов личного имени Игорь Юрьевич
Системный номер авторитетной/нормативной записи 14921
Идентификатор авторитетной/нормативной записи RU\NLR\auth\7731911
701 #1 - ИМЯ ЛИЦА - АЛЬТЕРНАТИВНАЯ ОТВЕТСТВЕННОСТЬ
Код отношения Автор
Графика поля Кириллица
Материалы, к которым относится поле rus
Начальный элемент ввода Попов
Часть имени, кроме начального элемента ввода А. А.
Дополнения к именам, кроме дат канд. техн. наук, нефтедобыча
Расширение инициалов личного имени Анатолий Александрович
Системный номер авторитетной/нормативной записи 81693
Идентификатор авторитетной/нормативной записи RU\NLR\AUTH\7798767
801 #0 - ИСТОЧНИК ЗАПИСИ
Страна Российская Федерация
Организация NLR
Дата составления 20110404
Правила каталогизации RCR
801 #1 - ИСТОЧНИК ЗАПИСИ
Страна Российская Федерация
Организация NLR
Дата составления 20110404
830 ## - ОБЩЕЕ ПРИМЕЧАНИЕ, СОСТАВЛЕННОЕ КАТАЛОГИЗАТОРОМ
Текст примечания авт. по кн.
942 ## - ДОПОЛНИТЕЛЬНЫЕ ЭЛЕМЕНТЫ ЗАПИСИ (АБИС)
Тип экземпляра АБИС Книга
980 ## - КОЛЛЕКЦИЯ
Название коллекции Национальная библиография
980 ## - КОЛЛЕКЦИЯ
Название коллекции НБР
Экземпляры
Тип экземпляра Дата поступления Источник поступления Библиотека постоянного хранения Библиотека текущего хранения Место хранения Шифр хранения Штрих-код Статус экземпляра Стоимость
Книга 04.04.2011 Обязательный экземпляр РНБ (Московский) РНБ (Московский) Русский книжный фонд: издания с 1957 года 2011-3/10914 3390249    
Книга 04.04.2011 Обязательный экземпляр РНБ (Московский) РНБ (Московский) Русский книжный фонд: издания с 1957 года 2011-3/10914 3390250    
Книга 29.08.2011 Покупка РНБ (Садовая) РНБ (Садовая) Универсальный читальный зал У И36/Б-953 1-289211   561.00